Catálogo de la Biblioteca Horacio González - Universidad Nacional de General Sarmiento

Bichos : (Registro nro. 53717)

Detalles MARC
000 -CABECERA
campo de control de longitud fija 01125ngm a22002890a 4500
001 - NÚMERO DE CONTROL
campo de control PT40550
003 - IDENTIFICADOR DEL NÚMERO DE CONTROL
campo de control AR-LpoUNG
005 - FECHA Y HORA DE LA ÚLTIMA TRANSACCIÓN
campo de control 20210201235905.0
007 - CAMPO FIJO DE DESCRIPCIÓN FÍSICA--INFORMACIÓN GENERAL
campo de control de longitud fija vd cvaizq
008 - DATOS DE LONGITUD FIJA--INFORMACIÓN GENERAL
campo de control de longitud fija 191001s2003||||ag |||||||||||||||||eng d
040 ## - FUENTE DE LA CATALOGACIÓN
Centro catalogador/agencia de origen AR-LpoUNG
Lengua de catalogación spa
Centro/agencia transcriptor AR-LpoUNG
Normas de descripción aacr
041 ## - CÓDIGO DE LENGUA
Código de lengua del texto/banda sonora o título independiente eng
044 ## - CÓDIGO DEL PAÍS DE LA ENTIDAD EDITORA/PRODUCTORA
Código MARC del país ag
082 0# - NÚMERO DE LA CLASIFICACIÓN DECIMAL DEWEY
Número de clasificación 808.068.8 347bic
100 1# - ENTRADA PRINCIPAL--NOMBRE DE PERSONA
Nombre de persona Lasseter, John
Término indicativo de función/relación dir.
245 10 - MENCIÓN DE TÍTULO
Título Bichos :
Resto del título una aventura en miniatura = A Bug's Life
260 ## - PUBLICACIÓN, DISTRIBUCIÓN, ETC.
Lugar de publicación, distribución, etc. Buenos Aires :
Nombre del editor, distribuidor, etc. Walt Disney,
Fecha de publicación, distribución, etc. 2003.
300 ## - DESCRIPCIÓN FÍSICA
Extensión DVD (106 min.) : son., col.
505 0# - NOTA DE CONTENIDO CON FORMATO
Nota de contenido con formato Hecha en 1998. - Doblada en: español y portugués. - Subtitulos: español y portugués.
520 ## - SUMARIO, ETC.
Sumario, etc. Un grupo de saltamontes asalta cada verano la colonia de hormigas donde vive Flick, con el fin de que éstas les entreguen la comida que han recogido durante el invierno. Un día, Flick abandona el hormiguero en busca de insectos guerreros que les ayuden a defenderse de los temibles saltamontes, pero lo que recluta es una troupe circense.
653 ## - TÉRMINO DE INDIZACIÓN--NO CONTROLADO
Término no controlado ANIMACION
653 ## - TÉRMINO DE INDIZACIÓN--NO CONTROLADO
Término no controlado DVD
653 ## - TÉRMINO DE INDIZACIÓN--NO CONTROLADO
Término no controlado VIDEOS
710 2# - PUNTO DE ACCESO ADICIONAL--NOMBRE DE ENTIDAD CORPORATIVA
Nombre de entidad corporativa o nombre de jurisdicción como elemento de entrada Walt Disney
905 ## - ELEMENTOS DE DATOS E LOCAL, LDE (RLIN)
a 40550
942 ## - ELEMENTOS DE PUNTO DE ACCESO ADICIONAL (KOHA)
Tipo de ítem Koha DVD
Existencias
Estado de retiro Estado de pérdida Estado dañado No para préstamo Código de colección Localización permanente Ubicación/localización actual Fecha de adquisición Total de préstamos Signatura topográfica completa Código de barras Fecha visto por última vez Precio válido a partir de Tipo de ítem Koha
        Colección Cine Biblioteca Universidad Nacional de General Sarmiento Biblioteca Universidad Nacional de General Sarmiento 01/02/2021   808.068.8 347bic 00047726 27/06/2023 01/02/2021 DVD
        Colección Cine Biblioteca Universidad Nacional de General Sarmiento Biblioteca Universidad Nacional de General Sarmiento 01/02/2021   808.068.8 347bic 00047727 01/02/2021 01/02/2021 DVD
        Colección Cine Biblioteca Universidad Nacional de General Sarmiento Biblioteca Universidad Nacional de General Sarmiento 01/02/2021   808.068.8 347bic 00047728 01/02/2021 01/02/2021 DVD